Italian Cities That Have Metro - Statistics

General Stats
  • This quiz has been taken 70 times
  • The average score is 6 of 7
Answers on the Map
Answers color-coded by a green-red scale on the quiz's map according to % correct below.
 
Answer Stats
Answer % Correct
Milan
100%
Rome
100%
Naples
99%
Turin
94%
Genoa
85%
Catania
72%
Brescia
61%
No matching quizzes found
Score Distribution
Percent of People with Each Score
Percentile by Number Answered
Your Score History
You have not taken this quiz